名古屋鉄道の前身企業 - Statistics

General Stats
  • This quiz has been taken 39 times
  • The average score is 6 of 13
Answer Stats
合併年 会社名 現在の路線 % Correct
1935年 愛知電気鉄道 名古屋本線、常滑線など
77%
1941年 三河鉄道 三河線など
77%
1939年 瀬戸電気鉄道 瀬戸線
73%
1925年 尾西鉄道 尾西線
60%
1943年 知多鉄道 河和線
47%
1921年 名古屋電気鉄道 郡部線など
43%
1930年 美濃電気軌道 美濃町線など
37%
1944年 碧海電気鉄道 西尾線
37%
1935年 各務原鉄道 各務原線
33%
1943年 竹鼻鉄道 竹鼻線
23%
1943年 東美鉄道 広見線など
23%
1944年 谷汲鉄道 谷汲線
20%
1940年 渥美電鉄 渥美線(1954年豊橋鉄道に譲渡)
7%
No matching quizzes found
Score Distribution
Percent of People with Each Score
Percentile by Number Answered
Your Score History
You have not taken this quiz